| 000 | 00771cam a2200229 a 4500 | ||
|---|---|---|---|
| 001 | 000008947 | ||
| 005 | 20200929161440.0 | ||
| 008 | 000817s2002 pr 001 j spa | ||
| 020 | _a0884951634 | ||
| 040 |
_aDO-SdBNP _cDLC |
||
| 082 |
_aPR863.44 _bL864v, 2002 |
||
| 100 | 1 |
_aLópez Nieves, Luis, _d1950- _917784 |
|
| 245 | 1 | 3 |
_aLa verdadera muerte de Juan Ponce de León / _cLuis López Nieves. |
| 250 | _a2a ed. | ||
| 260 |
_aHato Rey,( Puerto Rico) : _bCordillera, _c2002. |
||
| 300 |
_a120 p. ; _c22 cm. |
||
| 650 | 4 |
_aCuentos puertorriqueños _9249 |
|
| 650 | 4 |
_aLiteratura puertorriqueña _9250 |
|
| 650 | 4 |
_aPonce de león, juan, _d1460?-1521 _xCuentos _923534 |
|
| 650 | 4 |
_aColón, cristóbal, _d1451-1506 _xCuentos _923535 |
|
| 910 | _aCatalogación por copia / LC | ||
| 999 |
_c8712 _d8712 |
||